Jakość i bezpieczeństwo żywności

Uložené v:
Podrobná bibliografia
Hlavný autor: Kosiorowska, Małgorzata, 1978-
Médium: Kapitola
Jazyk:Polish
Tagy: Pridať tag
Žiadne tagy, Buďte prvý, kto otaguje tento záznam!

MARC

LEADER 00000naa$a2200000$$$4500
001 0173544
005 20240502083414.4
041 0 |a pol 
044 |a PL 
245 1 0 |a Jakość i bezpieczeństwo żywności  |c Małgorzata Kosiorowska 
100 1 |a Kosiorowska, Małgorzata, 1978-